| 000 -LEADER |
| fixed length control field |
01075cam a2200313 i 4500 |
| 001 - CONTROL NUMBER |
| control field |
1302699 |
| 005 - DATE AND TIME OF LATEST TRANSACTION |
| control field |
20170120130149.0 |
| 008 - FIXED-LENGTH DATA ELEMENTS--GENERAL INFORMATION |
| fixed length control field |
770316s1977 ctua b 001 0 eng |
| 010 ## - LIBRARY OF CONGRESS CONTROL NUMBER |
| LC control number |
77003974 |
| 020 ## - INTERNATIONAL STANDARD BOOK NUMBER |
| International Standard Book Number |
0208016325 |
| 040 ## - CATALOGING SOURCE |
| Original cataloging agency |
DLC |
| Transcribing agency |
DLC |
| Modifying agency |
DLC |
| 043 ## - GEOGRAPHIC AREA CODE |
| Geographic area code |
e-uk-en |
| 050 00 - LIBRARY OF CONGRESS CALL NUMBER |
| Classification number |
NC1479 |
| Item number |
.B37R53 1977 |
| 100 1# - MAIN ENTRY--PERSONAL NAME |
| Personal name |
Beerbohm, Max, |
| Titles and words associated with a name |
Sir, |
| Dates associated with a name |
1872-1956. |
| 240 10 - UNIFORM TITLE |
| Uniform title |
<a href="Literary caricatures">Literary caricatures</a> |
| 245 10 - TITLE STATEMENT |
| Title |
Beerbohm's literary caricatures : |
| Remainder of title |
from Homer to Huxley / |
| Statement of responsibility, etc. |
selected, introduced, and annotated by J. G. Riewald. |
| 260 ## - PUBLICATION, DISTRIBUTION, ETC. (IMPRINT) |
| Place of publication, distribution, etc. |
Hamden, Conn. : |
| Name of publisher, distributor, etc. |
Archon Books, |
| Date of publication, distribution, etc. |
1977. |
| 300 ## - PHYSICAL DESCRIPTION |
| Extent |
295 p. : |
| Other physical details |
ill. ; |
| Dimensions |
24 cm. |
| 500 ## - GENERAL NOTE |
| General note |
Includes index. |
| 504 ## - BIBLIOGRAPHY, ETC. NOTE |
| Bibliography, etc |
Bibliography: p. 287-291. |
| 650 #0 - SUBJECT ADDED ENTRY--TOPICAL TERM |
| Topical term or geographic name as entry element |
Authors |
| General subdivision |
Caricatures and cartoons. |
| 650 #0 - SUBJECT ADDED ENTRY--TOPICAL TERM |
| Topical term or geographic name as entry element |
English wit and humor, Pictorial. |
| 700 1# - ADDED ENTRY--PERSONAL NAME |
| Personal name |
Riewald, Jacobus Gerhardus. |
| 740 ## - ADDED ENTRY--UNCONTROLLED RELATED/ANALYTICAL TITLE |
| Uncontrolled related/analytical title |
Literary caricatures. |
| 942 ## - ADDED ENTRY ELEMENTS (KOHA) |
| Source of classification or shelving scheme |
|
| Koha item type |
Hard Covered Materials |
| Classification part |
NC1479 .B37R53 1977 |